Normal view
MARC view
Entry Personal Name
001 - CONTROL NUMBER
- control field: 43174
003 - CONTROL NUMBER IDENTIFIER
- control field: OSt
005 - DATE AND TIME OF LATEST TRANSACTION
- control field: 20240209125746.0
008 - FIXED-LENGTH DATA ELEMENTS
- fixed length control field: 240209|| aca||aabn | a|a d
040 ## - CATALOGING SOURCE
- Original cataloging agency: OSt
- Transcribing agency: OSt
100 ## - HEADING--PERSONAL NAME
- Personal name: Mishra, Shaliesh Kumar and Tiwari, Dheeraj Kumar
670 ## - SOURCE DATA FOUND
- Source citation: Work cat.: (OSt)523474: Mishra, Shaliesh Kumar and Tiwari, Dheeraj Kumar , Sweet revolution a boom in honey production
